LEADER 01007nam a2200217 i 4500 001 000000154702 003 CaOOAMICUS 005 20061030000000.0 008 061030s1995 it u000 u ita u 013 $a132048 040 $aSeMil$bita 100 1 $aConferenza Episcopale Italiana : Commissione ecclesiale per la pastorale del tempo libero, turismo e sport.$0(OLS)http://semarc/name/60525 245 10$aSport e vita cristiana :$bnota pastorale /$cConferenza Episcopale Italiana, Commissione ecclesiale per la pastorale del tempo libero, turismo e sport. 260 $a[S.l.] :$bPro manuscripto,$c1995. 300 $a78 p. ;$c21 cm. 650 4$aChiesa e sport.$0(OLS)http://semarc/subject/28929 850 $aSeMil 852 $aSeMil$W1$xVenegono$y1$m5D V 23/16$j106558$B106558$CSeMilBibl$Z2$F116116 $81 961 $aRecupero: Altro 996 $6245$aSport e vita cristiana :$bnota pastorale$9(OLS)http://semarc/title/226444 996 $6260$a[S.l.] :$bPro manuscripto$9(OLS)http://semarc/publisher/34245 LEADER 01426nam a2200265 4500 001 000000352714 003 CaOOAMICUS 005 20230117135714.0 008 230117s1785 it 000 u lat r 026 $epoTI M.UM m.ad CXmi (3) 1785 (R) 040 $aSeMil$bita 100 11$aVisconti, Filippo .$0(OLS)http://semarc/name/71385 245 10$aPhilippo Vicecomiti lectissimo M. E. archiepiscopo Collegii Helvetici patrono amplissimo se, suasque propugnandas theologicas theses Petrus Andres vallesianus alumnus et academicus hypheliomachus D. D. D. 264 1$aMediolani :$bApud Federicum Agnelli regium typographum,$c1785. 300 $a[1], 6, [4], XXI, [1] p. ;$cfol. 500 $aVignetta xilogr. sul front. 500 $aCors. ; rom. 500 $aIniziale xilogr. 500 $aSegn.: ?1 *? A-B? 700 1 $aAgnelli, Federico$b<2.,$cEditore>.$0(OLS)http://semarc/name/12614 850 $aSeMil 852 $aSeMil$W1$xVenegono$y1$m3Z VI 2/37 FA$j236470$B243935$CSeMilBibl$Z2$F243935 $8I 996 $6245$aPhilippo Vicecomiti lectissimo M. E. archiepiscopo Collegii Helvetici patrono amplissimo se, suasque propugnandas theologicas theses Petrus Andres vallesianus alumnus et academicus hypheliomachus D. D. D.$9(OLS)http://semarc/title/442619 996 $6264$aMediolani :$bApud Federicum Agnelli regium typographum$9(OLS)http://semarc/publisher/60812